000 00887nam a2200253Ia 4500
003 OSt
005 20221005103205.0
006 a|||||r|||| 00| 0
007 ta
008 221004b |||||||| |||| 00| 0 hin d
024 _a32658
037 _cTextual
040 _aCRL
_cCRL
_bhin
041 _2hin
_ahin
082 _aO152,:gN, M7
100 _aचौहान, विद्या
245 0 _aआधुनिक हिन्दी समीक्षा की प्रवृत्तियॉं
246 _aĀdhunik hindī samīkṣhā kī pravṛuttiyaॉan
260 _aकानपुर
_bसंचयन प्रकाशक भारत
_c1987
300 _a200पृ.
_ccm.
650 _aहिन्दी साहित्य
942 _hO152,:gN, M7
_cTEXL
_2cc
999 _c1009607
_d1009607